| 000 | 00000nam##2200000za#4500 |
| 001 | 9.698281 |
| 003 | CaOODSP |
| 005 | 20210921095719 |
| 007 | cr ||||||||||| |
| 008 | 150407|2001||||xxc|||||o f|0| 0 eng|d |
| 040 | |aCaOODSP|beng |
| 043 | |an-cn--- |
| 086 | 1 |aRG23-95/2001E-PDF |
| 110 | 1 |aCanada. |bOffice of Consumer Affairs. |
| 245 | 10|aShopping safely online |h[electronic resource] |
| 260 | |aOttawa - Ontario : |bIndustry Canada. |c2001. |
| 300 | |a1p.|breferences |
| 500 | |aThe catalogue number (RG23-95/2001) and ISBN (0-662-65937-6) for the bilingual print edition have been incorrectly copied in this electronic publication. |
| 590 | |a13-18-Supp|b2013-08-01 |
| 690 | 07|aConsumer protection|2gcpds |
| 690 | 07|aElectronic commerce|2gcpds |
| 775 | 08|tPour magasiner en ligne en toute sécurité |w(CaOODSP)9.642293 |
| 776 | 0#|tShopping safely online |w(CaOODSP)9.663017 |
| 776 | 0#|tPour magasiner en ligne en toute sécurité |w(CaOODSP)9.663018 |
| 856 | 40|ahttp://publications.gc.ca|qPDF|s33 KB|uhttps://publications.gc.ca/collections/Collection/RG23-95-2001E.pdf |
| 986 | |a53519B |